Statistics for jealousy, jealousy - Olivia Rodrigo (All Lyrics)

Click here to take the quiz!

General Stats

  • This quiz has been taken 1,130 times
  • The average score is 245 of 303

Answer Stats

jealousy, jealousy% Correct
Pre-Chorus | Verse 1I
99%
a
98%
be
95%
jealousy
94%
Jealousy
94%
to
94%
know
93%
so
93%
My
92%
my
92%
the
92%
too
92%
win
92%
all
91%
BridgeAll
91%
And
91%
and
91%
go
91%
is
91%
me
90%
don't
89%
i'm
88%
I'm
88%
see
88%
wanna
87%
car
86%
of
86%
myself
85%
sick
85%
then
85%
Anyone
83%
anyone
83%
are
83%
else
83%
killin'
83%
rather
83%
Rather
83%
ChorusCom
82%
who
82%
But
81%
but
81%
it
81%
much
81%
slowly
81%
you
81%
think
80%
not
79%
Bout
78%
every
78%
perfect
78%
good
77%
kids
77%
room
77%
true
77%
across
76%
cool
76%
Cause
75%
comparison
75%
happy
75%
phone
75%
pretty
75%
white
75%
With
75%
your
75%
bodies
74%
can't
74%
kinda
74%
throw
74%
girls
73%
teeth
73%
that
73%
Bout
71%
on
71%
followin'
70%
friends
70%
In
70%
in
70%
night
70%
out
70%
I'd
68%
paper
68%
daddy's
67%
face
67%
like
67%
want
67%
yeah
67%
boyfriend
66%
started
66%
Started
66%
bad
65%
lack
65%
let
65%
back
64%
even
64%
Got
64%
life
64%
livin'
64%
should
64%
what
64%
feels
63%
nice
63%
Wish
63%
you're
63%
Oh
62%
weight
62%
beauty's
61%
care
61%
didn't
61%
Pre-ChorusTheir
59%
their
59%
for
58%
Happier
57%
prettier
57%
it's
56%
them
56%
gettin'
55%
things
55%
again
54%
vacation
54%
clothes
53%
photos
53%
Just
52%
vintage
52%
God
51%
loss
51%
help
49%
stand
47%
crazy
46%
everyone
46%
sound
45%
caught
43%
up
42%
losin'
39%
get's
19%

Score Distribution

Percentile by Number Answered

Percent of People with Each Score

Your Score History

You have not taken this quiz